banner-ar

مذكرات الضباط الاحرار: مدارسة تاريخية نقدية لمذكرات محمد نجيب وعبداللطيف البغدادى وخالد محىالدين وعبدالمنعم عبدالروؤف وجمال منصور وعبدالفتاح ابوالفضل وحسين حمودة / (Record no. 50483)

MARC details
000 -الفاتح
حقل البيانات ثابتة الطول 01004nam a2200217Ia 4500
008 - عناصر البيانات ثابتة الطول - معلومات عامة
حقل البيانات ثابتة الطول 140319s9999 xx 000 0 ara d
040 ## - مصدر الفهرسة
وكالة الفهرسة الأصلية GCL /
وكالة النسخ GCL
082 04 - رقم تصنيف ديوى العشرى
رقم التصنيف ق
رقم المادة 962.06
-- م م
100 1# - المدخل الرئيسى - إسم شخصى
الإسم الشخصى محمد الجوادى
245 10 - بيان العنوان
العنوان مذكرات الضباط الاحرار: مدارسة تاريخية نقدية لمذكرات محمد نجيب وعبداللطيف البغدادى وخالد محىالدين وعبدالمنعم عبدالروؤف وجمال منصور وعبدالفتاح ابوالفضل وحسين حمودة /
بيان المسئوليه,etc محمد الجوادى
300 ## - الوصف المادى
التعداد 167 ص
490 ## - بيان السلسلة
عنوان السلسلة الهيئة العامة للاستعلامات
رقم المجلد/ التعيين التسلسلي 0
650 04 - المدخل الاضافى بالموضوع-مصطلح موضوعى
مصطلح موضوعي محمد نجيب
650 04 - المدخل الاضافى بالموضوع-مصطلح موضوعى
مصطلح موضوعي الاخوان المسلمون
650 04 - المدخل الاضافى بالموضوع-مصطلح موضوعى
مصطلح موضوعي مصر - تاريخ - العصر الحديث - ثورة 1919
650 04 - المدخل الاضافى بالموضوع-مصطلح موضوعى
مصطلح موضوعي مصر - تاريخ - العصر الحديث (1805 - 1956 )
650 04 - المدخل الاضافى بالموضوع-مصطلح موضوعى
مصطلح موضوعي الضباط - مصر
650 04 - المدخل الاضافى بالموضوع-مصطلح موضوعى
مصطلح موضوعي خالد قمرالدين
942 ## - عناصر المدخل الإضافي( كوها)
مصدر التصنيف او مخطط الترفيف Dewey Decimal Classification
Koha [default] item type كتاب
Holdings
حالة التراجع حالة الفقد حالة تلف ليس للاعارة المكان المؤقت الموقع الحالى تاريخ الاكتساب اجمالي اﻻعارات رقم الطلب الباركود تاريخ اخر مشاهدة تاريخ تفعيل السعر نوع وعاء كوها
        مكتبة القاهرة الكبرى مكتبة القاهرة الكبرى 03/26/2014   ق\962.06\م م 121069 03/26/2014 03/26/2014 كتاب

Powered By

EGPV